000 00369pab a2200157 454500
008 180718b2018 xxu||||| |||| 00| 0 eng d
100 _aKumar, Sanjeev
245 _aAddressing grievances in health care
260 _c2018
300 _ap.45-47.
362 _aFeb
650 _aHealth care - India
650 _aHealth care
773 _aYojana
909 _a117171
999 _c117165
_d117165